000 00392nam a2200121Ia 4500
008 220620s9999||||xx |||||||||||||| ||und||
245 0 _aOrganic Synthesis
_bA Nascent Relook
546 _aEnglish[eng]
650 _aOrganic chemistry
700 _aParameshwarappa Nandeshwarappa, Belakatte
856 _uhttps://mts.intechopen.com/storage/books/9197/authors_book/authors_book.pdf
942 _cEB
999 _c31743
_d31743